Car Brands Quiz #2 - Statistics

General Stats
  • This quiz has been taken 68 times
    55 since last reset
  • The average score is 12 of 14
Answer Stats
Picture Answer % Correct
Nissan
100%
Jaguar
98%
Lamborghini
98%
Bugatti
96%
Rolls Royce
96%
Bentley
94%
Lexus
94%
Alfa Romeo
92%
Mazda
92%
Chrysler
88%
Maserati
88%
Cadillac
78%
Acura
61%
Buik
57%
No matching quizzes found
Score Distribution
Percent of People with Each Score
Percentile by Number Answered
Your Score History
You have not taken this quiz since the last reset